000 01454cam a22002891 4500
001 gs 37000320
003 DLC
005 20260227111342.0
008 770118s1937 dcua f000 0 eng c
010 _ags 37000320
035 _a(OCoLC)2686407
040 _aU. S. Geol. Survey Library.
_cTxH
_dOCoLC
_dDLC
042 _apremarc
050 0 0 _aTC801
_b.U2 no. 778
100 1 _aLonsdale, John T.
_q(John Tipton),
_d1895-1960.
245 0 0 _aGeology and ground-water resources of Webb county, Texas,
_cby John T. Lonsdale and James R. Day. Prepared in cooperation with the Engineering experiment station of the Agricultural and mechanical college of Texas and the Texas Board of water engineers.
260 _aWashington,
_bU.S. Govt. print. off.,
_c1937.
300 _av, 104 p. incl illus., tables.
_b12 pl. (incl. fold. map (in pocket), fold diagrs.) fold. tabl.
_c23 cm.
490 0 _aU. S. Geological survey. Water-supply paper 778
500 _aAt head of title: United States Department of the interior.
501 _aWith : Geology and ground-water resources of Duval county, Texas. Washington : U.S. Govt. Print. Off., 1937. Bound together subsequent to publication.
_5DLC
650 0 _aGeology
_zTexas
_zWebb County.
650 0 _aGroundwater
_zTexas
_zWebb County.
700 1 _aDay, James R.,
_ejoint author.
710 1 _aTexas.
_bAgricultural and Mechanical College.
_bEngineering Experiment Station.
710 2 _aTexas Water Commission.
999 _c27405
_d27405